| 000 | 00382nam a22001457a 4500 | ||
|---|---|---|---|
| 999 |
_c527924 _d527924 |
||
| 003 | NUST | ||
| 020 |
_a9780073536132 _qP/B. |
||
| 038 | _awaseem | ||
| 082 |
_a613.713 _bCIS |
||
| 100 |
_aCissik, John M. _919436 |
||
| 245 |
_aThe Basics of Strength Training / _cJohn M. Cissik |
||
| 260 |
_aNew York : _bMcGraw Hill Custom Publishing, _c2005. |
||
| 300 | _a157 p. ; | ||
| 942 |
_2ddc _cBK |
||